Which Dutch city? - Statistics

General Stats
  • This quiz has been taken 33 times
    32 since last reset
  • The average score is 7 of 10
Answer Stats
Question Answer % Correct
What is the capital city of the Netherlands? Amsterdam
89%
Which Dutch city is the smartest in Europe? Eindhoven
89%
Which Dutch city has the largest harbour in Europe? Rotterdam
89%
In which Dutch city is the International Court of Justice located? The Hague
89%
What is the largest city in the Twente region? Enschede
78%
Which Dutch city is located in Zeeuws-Vlaanderen? Terneuzen
78%
Which city is located on the island of Texel? Den Burg
67%
What is the oldest city in the Netherlands? Nijmegen
67%
What is the cleanest city in the Netherlands? Groningen
22%
What is the FORMER capital city of the Netherlands? Hoorn
22%
No matching quizzes found
Score Distribution
Percent of People with Each Score
Percentile by Number Answered
Your Score History
You have not taken this quiz since the last reset